000 00324nam a2200121Ia 4500
008 171211s9999 xx 000 0 und d
020 _a9781496339928
100 _aDutton, Andrea Guillen
245 _aTorre's Patient Care in Imaging Technology
250 _aVIII
260 _bC & E Publishing
_c2013
300 _a368 pages
999 _c350830
_d350830